Modelo de acompañamiento -apoyo, monitoreo y evaluación- del Proyecto Regional de Educación para América Latina y el Caribe. : Declaración de La Habana /

Bibliographic Details
Corporate Author: Proyecto Regional de Educación para América Latina y el Caribe (PRELAC)
Format: Libro
Language:English

MARC

LEADER 00000cam a2200000 a 4500
001 000028
003 UAHC_CL
005 20170803115612.0
008 051226b xx j 000 1 eng
040 |a UAHC_CL  |c UAHC_CL  |d UAHC_CL 
245 1 0 |a Modelo de acompañamiento -apoyo, monitoreo y evaluación- del Proyecto Regional de Educación para América Latina y el Caribe. :  |b Declaración de La Habana /  |c Proyecto Regional de Educación para América Latina y el Caribe (PRELAC). 
710 1 |a Proyecto Regional de Educación para América Latina y el Caribe (PRELAC) 
942 |c BK 
999 |c 28  |d 28